| 000 | 00847nam a22002297a 4500 | ||
|---|---|---|---|
| 005 | 20080617144955.0 | ||
| 008 | 080617t xxu||||| |||| 00| 0 eng d | ||
| 010 | _aENG-90334 | ||
| 020 |
_c495.00 _a8173815615 |
||
| 035 | _aEN-73867 | ||
| 037 | _bDBAD / PUB | ||
| 040 |
_aDPL _bEN |
||
| 082 | _a598 | ||
| 100 | _aBhattacharyya, B. N. | ||
| 245 |
_aAn introduction to ornithology and biology of the blue rock pigeon / _cby B.N. Bhattacharyya |
||
| 260 |
_aKolkata _bNew Central Book Agency _c2008 |
||
| 270 |
_a8/1, Chintamoni Das Lane, _bKolkata _e700009 |
||
| 300 |
_axxiv, 383p.: _c27 cm (Hb) _bill. |
||
| 500 | _aIncludes references and index | ||
| 942 |
_cEN _h598 _2ddc _mBHA |
||
| 999 |
_c13747 _d13747 |
||